000 00688nam a2200229Ia 4500
003 LK-CoDNM
005 20241128122123.0
008 010623t1979 xxu||||| |||| 00| 1 sin d
040 _aLK-CoDNM
_dLK-CoDNM
_eLK-CoDNM
041 _asin
080 _a294.3:008[3]
_bRAH
100 _aබඹරැන්දේ මහානාම හිමි
245 _aබෞද්ධ ශිෂ්ඨාචාරය-1979
246 _aBauddha sestacharaya
260 _bගොඩගේ ප්‍රකාශන
_aකොළඹ
_c1979
300 _b311p. ; 21 cm
650 _aBuddhism
650 _a1979
700 _aPangaloka himi,Babarande
700 _aRahula himi,Athtudawe
942 _cBK
999 _c111017
_d111017